Zespoły rockowe po tłumaczeniu nazwy na polski część 2 - Statystyki

Ogólne statystyki
  • Ten quiz został rozwiązany 79 razy
  • Średni wynik to 5 z 10
Statystyki odpowiedzi
Nazwa polska Nazwa angielska % Poprawnych
Policja The Police
97%
Toczące się Kamienie The Rolling Stones
88%
Pociąg Train
88%
Białe Paski The White Stripes
55%
Żurawiny The Cranberries
54%
Królewska Krew Royal Blood
29%
Bóg Jest Astronautą God is an astronaut
25%
Ule The Hives
19%
Nadrzeczny Riverside
17%
Poeci Upadku Poets of the fall
10%
Nie znaleziono quizów pasujących do podanych kryteriów
Rozkład punktacji
Procent ludzi z każdym wynikiem
Percentyl według liczby udzielonych odpowiedzi
Twoja historia wyników
Nie rozwiązałeś tego quizu